000 00501nam a2200169 i 4500
001 127619
003 ES-MaACL
005 20230906193040.0
007 t|
008 070214s1971 sp r ||||1| spa d
100 1 _aRius Sintes, Isidro.
_997521
245 1 0 _aAprestos y acabados de los géneros de punto /
_cpor Isidro Rius Sintes.
260 _aBarcelona :
_bBosch,
_c1971.
300 _a352 p. :
_bil. ;
_c22 cm.
650 _aGéneros de punto.
_9172305
852 _aES-MaACL
_jC-45664
_bR.78672
999 _c127619
_d127619